[Event "FB21 1920 SC Rotation Pankow - USV TU D"]
[Site "?"]
[Date "2020.02.02"]
[Round "5.3"]
[White "von Keyserlingk, Chanda"]
[Black "Mai, Iris"]
[Result "0-1"]
[WhiteElo "1734"]
[BlackElo "2033"]
[PlyCount "120"]
[EventDate "2020.??.??"]

1. d4 Nf6 2. c4 e6 3. Nc3 d5 4. cxd5 exd5 5. Bg5 c6 6. e3 Be7 7. Qc2 Bg4 8. f3
Bh5 9. Bd3 Bg6 10. Nge2 Na6 11. a3 Bxd3 12. Qxd3 Nc7 13. O-O Ne6 14. Bh4 O-O
15. Bf2 Qd7 16. Rac1 g6 17. Rfd1 Nh5 18. Ng3 Nhg7 19. e4 Nf4 20. Qf1 Nge6 21.
Nge2 Bg5 22. Rc2 Rad8 23. g3 Nxe2+ 24. Rxe2 Bh6 25. exd5 cxd5 26. Re5 Qc6 27.
Qb5 Qxb5 28. Nxb5 Bg7 29. Re2 a6 30. Nc3 b5 31. Red2 Rd7 32. Ne2 Rc8 33. f4 h5
34. Kg2 Rc4 35. Ng1 b4 36. axb4 Rxb4 37. Nf3 Rdb7 38. Ra1 Rxb2 39. Rxa6 Rxd2
40. Nxd2 Nxd4 41. Ra8+ Kh7 42. Rd8 Rb2 43. Nf1 Nf5 44. Kg1 Bd4 45. Bxd4 Nxd4
46. Rxd5 Nf3+ 47. Kh1 Rf2 48. Rd1 h4 49. gxh4 Nxh4 50. Kg1 Rxf4 51. Ng3 f5 52.
Ne2 Rg4+ 53. Kh1 Kh6 54. Rd3 Re4 55. Rh3 g5 56. Ng1 Re1 57. Ra3 g4 58. Rg3 Nf3
59. Rh3+ Kg5 60. Rg3 Rxg1+ 0-1

[Event "FB21 1920 SC Rotation Pankow - USV TU D"]
[Site "?"]
[Date "2020.02.02"]
[Round "5.4"]
[White "Heyme, Sibylle"]
[Black "Hartmann, Anne"]
[Result "1-0"]
[WhiteElo "2041"]
[BlackElo "1762"]
[PlyCount "55"]
[EventDate "2020.??.??"]

1. e4 d5 2. exd5 Qxd5 3. Nc3 Qd6 4. d4 a6 5. Be3 Nf6 6. Be2 Nc6 7. Nf3 Bf5 8.
a3 e6 9. h3 O-O-O 10. O-O Be7 11. b4 Nd5 12. Nxd5 exd5 13. c3 Rhg8 14. b5 axb5
15. Bxb5 g5 16. Qa4 f6 17. Qa8+ Nb8 18. Be2 h5 19. Rfb1 Bxb1 20. Rxb1 b6 21.
Bd3 Kd7 22. Qa4+ Nc6 23. Bb5 Ra8 24. Qc2 Qxa3 25. Qf5+ Kd6 26. c4 Bd8 27. Bxc6
Ke7 28. Qxd5 1-0

[Event "FB21 1920 SC Rotation Pankow - USV TU D"]
[Site "?"]
[Date "2020.02.02"]
[Round "5.5"]
[White "Gottschall, Ina"]
[Black "Wolf, Sylvia"]
[Result "0-1"]
[WhiteElo "1635"]
[BlackElo "2025"]
[PlyCount "69"]
[EventDate "2020.??.??"]

1. d4 Nf6 2. c4 c5 3. dxc5 e6 4. Nc3 Bxc5 5. Bg5 Bxf2+ 6. Kxf2 Ng4+ 7. Ke1 Qxg5
8. Nf3 Qe3 9. Qd4 Qxd4 10. Nxd4 Ne3 11. b3 a6 12. Kd2 Ng4 13. Ne4 Nc6 14. Nc2
d5 15. Nd6+ Ke7 16. c5 b6 17. b4 bxc5 18. bxc5 Nf2 19. Rg1 Ne4+ 20. Nxe4 dxe4
21. Kc3 Rd8 22. Nb4 Ne5 23. e3 a5 24. Nc2 Rd5 25. Rc1 Rb8 26. Be2 Rxc5+ 27. Kd4
Rd5+ 28. Kxe4 g5 29. Nd4 Bb7 30. Rc7+ Kd6 31. Rgc1 f5+ 32. Nxf5+ exf5+ 33. Kxf5
Nd3+ 34. Kg4 Nxc1 35. Rxc1 0-1

[Event "FB21 1920 SC Rotation Pankow - USV TU D"]
[Site "?"]
[Date "2020.02.02"]
[Round "5.6"]
[White "Jeske, Kirsten"]
[Black "Stockdreher, Diana"]
[Result "1-0"]
[WhiteElo "1951"]
[BlackElo "1471"]
[PlyCount "62"]
[EventDate "2020.??.??"]

1. e4 b6 2. d4 Bb7 3. Nc3 e6 4. a3 Be7 5. Nf3 Nf6 6. Bd3 d6 7. O-O Nbd7 8. Re1
h6 9. e5 Nh7 10. Bf4 Ng5 11. Nxg5 Bxg5 12. Qg4 Bxf4 13. Qxf4 dxe5 14. dxe5 a6
15. Rad1 Qe7 16. Be4 g5 17. Qg3 O-O-O 18. Bxb7+ Kxb7 19. b4 f5 20. exf6 Qxf6
21. Ne4 Qf4 22. c4 Rhe8 23. Qc3 e5 24. c5 Nb8 25. cxb6 Qf7 26. bxc7 Qxc7 27.
Qxc7+ Kxc7 28. Rc1+ Kb6 29. f3 Nc6 30. Rc3 Nd4 31. Kf2 Re6 1-0

[Event "FB21 1920 SG 1871 Löberitz - SV Merseb"]
[Site "?"]
[Date "2020.02.02"]
[Round "5.1"]
[White "Hartung, Katja"]
[Black "Berzina, Ilze"]
[Result "1/2-1/2"]
[WhiteElo "1920"]
[BlackElo "2192"]
[PlyCount "50"]
[EventDate "2020.??.??"]

1. e4 e5 2. Nc3 Nc6 3. g3 Nf6 4. Bg2 Bc5 5. Nge2 a6 6. d3 d6 7. h3 Be6 8. Bg5
h6 9. Be3 Bxe3 10. fxe3 Ne7 11. Qd2 Nc8 12. O-O-O Nb6 13. g4 Qd7 14. Ng3 O-O-O
15. Nf5 Bxf5 16. gxf5 g5 17. fxg6 fxg6 18. h4 Kb8 19. Bh3 Qe7 20. Qg2 Rhg8 21.
Rdf1 g5 22. hxg5 hxg5 23. Bf5 Rdf8 24. Rh6 Nbd7 25. Rfh1 Nc5 1/2-1/2

[Event "FB21 1920 SG 1871 Löberitz - SV Merseb"]
[Site "?"]
[Date "2020.02.02"]
[Round "5.2"]
[White "Otikova, Elina"]
[Black "Pflug, Tanja"]
[Result "1-0"]
[WhiteElo "2090"]
[BlackElo "2035"]
[PlyCount "69"]
[EventDate "2020.??.??"]

1. e4 e6 2. e5 d5 3. exd6 Bxd6 4. d4 Nf6 5. Nf3 O-O 6. Bd3 c5 7. dxc5 Qa5+ 8.
Nc3 Bxc5 9. O-O Nc6 10. a3 Rd8 11. Bg5 Be7 12. b4 Qb6 13. Qe2 h6 14. Be3 Qc7
15. Nb5 Qd7 16. Rad1 Qe8 17. Nc7 Qf8 18. Nxa8 Nd5 19. Bd2 Bd6 20. c4 Nf6 21.
Bc3 Bd7 22. c5 Bb8 23. b5 Ne7 24. Bxf6 gxf6 25. b6 Nd5 26. Qc2 Qg7 27. Nc7 Nf4
28. Ne1 Kh8 29. Be4 h5 30. c6 axb6 31. Rxd7 Rg8 32. Kh1 h4 33. Qd2 e5 34. Nd5
Ne6 35. Qe2 1-0

[Event "FB21 1920 SG 1871 Löberitz - SV Merseb"]
[Site "?"]
[Date "2020.02.02"]
[Round "5.3"]
[White "Moritz, Cornelia"]
[Black "Naumann, Nadine"]
[Result "0-1"]
[WhiteElo "1802"]
[BlackElo "1955"]
[PlyCount "66"]
[EventDate "2020.??.??"]

1. e4 c6 2. d4 d5 3. Nc3 dxe4 4. Nxe4 Nf6 5. Nxf6+ exf6 6. Nf3 Bd6 7. Bd3 O-O
8. O-O Re8 9. h3 Nd7 10. c3 Nf8 11. Nh4 g6 12. Bh6 Be6 13. Qd2 Qc7 14. f4 f5
15. Nf3 f6 16. Nh4 c5 17. Bb5 Nd7 18. d5 Bf7 19. c4 Bf8 20. Bxf8 Kxf8 21. Qc3
Kg7 22. Bxd7 Qxd7 23. Nf3 Re2 24. Rf2 Rae8 25. Rxe2 Rxe2 26. Re1 Qe7 27. Kf1
Rxe1+ 28. Qxe1 Qd6 29. Qc1 Qa6 30. a3 Bxd5 31. Nd2 Be4 32. g4 Qd6 33. Qc3 Qxf4+
0-1

[Event "FB21 1920 SG 1871 Löberitz - SV Merseb"]
[Site "?"]
[Date "2020.02.02"]
[Round "5.4"]
[White "Giebel, Christine"]
[Black "Radde, Christina"]
[Result "1/2-1/2"]
[WhiteElo "1831"]
[BlackElo "1581"]
[PlyCount "94"]
[EventDate "2020.??.??"]

1. e4 c6 2. d4 d5 3. e5 Bf5 4. Nf3 e6 5. Be2 Nd7 6. O-O h6 7. h3 Bb4 8. c3 Ba5
9. Be3 Ne7 10. a4 O-O 11. Na3 a6 12. b4 Bc7 13. Qd2 Be4 14. Nc2 Nf5 15. Nce1 f6
16. Bf4 fxe5 17. dxe5 Nh4 18. Nd4 Qe7 19. Bg4 Nf5 20. f3 Nxd4 21. cxd4 Bh7 22.
a5 Qf7 23. Bxh6 gxh6 24. Qxh6 Bf5 25. Nd3 Bd8 26. Nf2 Qg7 27. Qxg7+ Kxg7 28. g3
Bxg4 29. Nxg4 Be7 30. Rab1 Rf7 31. f4 Nf8 32. Ne3 Kg6 33. g4 Nh7 34. f5+ exf5
35. gxf5+ Kg5 36. f6 Nxf6 37. exf6 Rxf6 38. Nc2 Raf8 39. Rxf6 Rxf6 40. Re1 Bd6
41. Kg2 Kh4 42. Re8 Rg6+ 43. Kf2 Rf6+ 44. Ke2 Rf7 45. Rh8+ Kg5 46. Rg8+ Kh4 47.
Rh8+ Kg5 1/2-1/2

[Event "FB21 1920 SG 1871 Löberitz - SV Merseb"]
[Site "?"]
[Date "2020.02.02"]
[Round "5.5"]
[White "Marschall, Lisa"]
[Black "Schuster, Rebekka"]
[Result "0-1"]
[WhiteElo "1472"]
[BlackElo "1838"]
[PlyCount "48"]
[EventDate "2020.??.??"]

1. e4 e6 2. Nf3 d5 3. exd5 exd5 4. d4 Bd6 5. Bd3 Bg4 6. Be2 Nc6 7. O-O Nge7 8.
h3 Bf5 9. c3 Qd7 10. Ne5 Nxe5 11. dxe5 Bxe5 12. Bg4 O-O-O 13. Be3 Kb8 14. Nd2
h5 15. Bxf5 Nxf5 16. Re1 f6 17. Nf3 Bd6 18. Nd4 g5 19. Qf3 Nxe3 20. Rxe3 Be5
21. Nf5 g4 22. hxg4 hxg4 23. Qxg4 Rdg8 24. Qf3 Qh7 0-1

[Event "FB21 1920 SG 1871 Löberitz - SV Merseb"]
[Site "?"]
[Date "2020.02.02"]
[Round "5.6"]
[White "Koetteritzsch, Josephine"]
[Black "Jaeschke, Andrea"]
[Result "0-1"]
[WhiteElo "1642"]
[BlackElo "1415"]
[PlyCount "68"]
[EventDate "2020.??.??"]

1. e4 d6 2. d4 Nf6 3. Nc3 g6 4. Bg5 Bg7 5. Qd2 h6 6. Be3 h5 7. f3 Nbd7 8. Bc4
a6 9. Bb3 b5 10. Nh3 Nh7 11. Bh6 O-O 12. g4 Nhf6 13. gxh5 Nxh5 14. Nf2 e6 15.
Ng4 Qh4+ 16. Ke2 Re8 17. Bxg7 Nxg7 18. Qf4 Qe7 19. e5 Nf5 20. Rad1 d5 21. h4
Kg7 22. Ne3 Bb7 23. Rdg1 Nxe3 24. Qxe3 Rh8 25. h5 Nf8 26. f4 Rc8 27. f5 exf5
28. Bxd5 c6 29. Bb3 Rd8 30. e6 c5 31. Qe5+ f6 32. Qxc5 Qxc5 33. dxc5 Bxh1 34.
Rxh1 Re8 0-1

[Event "FB21 1920 Chemnitzer SC Aufbau 95 - SV"]
[Site "?"]
[Date "2020.02.02"]
[Round "5.1"]
[White "Arnhold, Steffi"]
[Black "Brand, Kathrin"]
[Result "1-0"]
[WhiteElo "2019"]
[BlackElo "1821"]
[PlyCount "51"]
[EventDate "2020.??.??"]

1. e4 c5 2. Nf3 e6 3. d4 cxd4 4. Nxd4 Nf6 5. Nc3 Bb4 6. Bd3 Nc6 7. Nxc6 bxc6 8.
e5 Nd5 9. Qg4 Kf8 10. O-O Qa5 11. Ne4 Ba6 12. c4 Nb6 13. Qf4 h6 14. b3 Nc8 15.
a3 Bc3 16. Nxc3 Qxc3 17. Bg6 f6 18. Bd2 Qxe5 19. Qf3 Nb6 20. Rfe1 Qc7 21. Rad1
Rd8 22. Bf4 d6 23. Rxe6 Nc8 24. c5 Qd7 25. Bxd6+ Kg8 26. Qe4 1-0

[Event "FB21 1920 Chemnitzer SC Aufbau 95 - SV"]
[Site "?"]
[Date "2020.02.02"]
[Round "5.2"]
[White "Kaden, Romy"]
[Black "Arnhold, Kerstin"]
[Result "0-1"]
[WhiteElo "1858"]
[BlackElo "1964"]
[PlyCount "114"]
[EventDate "2020.??.??"]

1. e4 c5 2. c3 d6 3. d4 Nd7 4. Nf3 e6 5. Bf4 cxd4 6. cxd4 Ngf6 7. Nc3 Nb6 8.
Rc1 a6 9. Bd3 Be7 10. O-O O-O 11. Bb1 Re8 12. Qc2 Nfd7 13. e5 Nf8 14. Ne4 Nd5
15. Bg3 dxe5 16. dxe5 Bd7 17. Nd6 Bxd6 18. exd6 Rc8 19. Qb3 Bb5 20. Rfe1 Nd7
21. Nd4 Nc5 22. Qa3 Qb6 23. Nxb5 Qxb5 24. h3 Red8 25. Qf3 Nd7 26. b3 Rc5 27.
Rxc5 Qxc5 28. Qd3 N7f6 29. Be5 Kf8 30. Qd2 Qb4 31. Qc1 Ke8 32. Re2 Qb5 33. Rc2
Qd7 34. Rc5 Kf8 35. Bd3 Ne8 36. Bxh7 Nxd6 37. Qg5 f6 38. Bxf6 Nxf6 39. Bg6 Nf7
40. Qf4 Qd1+ 41. Kh2 Qd6 42. Qxd6+ Rxd6 43. Bxf7 Kxf7 44. Rc7+ Rd7 45. Rxd7+
Nxd7 46. f4 Nc5 47. g4 Nd3 48. Kg3 Nc1 49. Kh4 Nxa2 50. Kg5 Nc1 51. h4 Nxb3 52.
h5 Nd4 53. h6 gxh6+ 54. Kxh6 Ne2 55. Kg5 a5 56. f5 exf5 57. Kxf5 a4 0-1

[Event "FB21 1920 Chemnitzer SC Aufbau 95 - SV"]
[Site "?"]
[Date "2020.02.02"]
[Round "5.3"]
[White "Nobis, Martina"]
[Black "Nitzsche, Pia"]
[Result "1/2-1/2"]
[WhiteElo "1877"]
[BlackElo "1670"]
[PlyCount "79"]
[EventDate "2020.??.??"]

1. e4 c5 2. Nf3 d6 3. d4 cxd4 4. Nxd4 Nf6 5. Nc3 g6 6. f3 Bg7 7. Be3 O-O 8. Qd2
Nc6 9. O-O-O d5 10. exd5 Nxd5 11. Nxc6 bxc6 12. Bh6 Bxh6 13. Qxh6 Qa5 14. Ne4
Nf6 15. Bc4 Qb4 16. Nxf6+ exf6 17. Bb3 Rb8 18. c3 Qb6 19. Rd4 Bf5 20. Rhd1 Rfe8
21. Qd2 a5 22. g4 Be6 23. Bxe6 Rxe6 24. Re1 c5 25. Rxe6 Qxe6 26. Rd5 Re8 27.
Kd1 Qa6 28. Qd3 Qb6 29. Qd2 Qb5 30. Rd8 Kg7 31. Rxe8 Qxe8 32. c4 Qa4+ 33. b3
Qa3 34. Qc2 Qb4 35. h4 Qb7 36. Qd3 Qc6 37. Ke2 a4 38. Ke3 axb3 39. axb3 Qc7 40.
h5 1/2-1/2

[Event "FB21 1920 Chemnitzer SC Aufbau 95 - SV"]
[Site "?"]
[Date "2020.02.02"]
[Round "5.4"]
[White "Krentz, Susann"]
[Black "Orlova, Liubov"]
[Result "0-1"]
[WhiteElo "1728"]
[BlackElo "1980"]
[PlyCount "92"]
[EventDate "2020.??.??"]

1. c4 Nf6 2. Nc3 c5 3. g3 Nc6 4. Bg2 g6 5. Nf3 Bg7 6. O-O O-O 7. d3 d6 8. Bg5
Bd7 9. Qc1 Re8 10. Bh6 Qc8 11. Bxg7 Kxg7 12. Ng5 h6 13. Nge4 Nxe4 14. Nxe4 Bh3
15. Qc3+ f6 16. e3 Bxg2 17. Kxg2 Ne5 18. Nd2 Qc6+ 19. f3 b5 20. cxb5 Qxb5 21.
Nc4 Nf7 22. Rfe1 Rab8 23. b3 Qd7 24. Rad1 Ng5 25. g4 Qc6 26. Nd2 Rec8 27. h4
Nf7 28. Kf2 Ne5 29. Rg1 Qa6 30. d4 cxd4 31. Qxd4 Rc2 32. Ra1 Rbc8 33. Rgd1 Qc6
34. e4 Qb6 35. Qxb6 axb6 36. Kg3 R8c3 37. a4 Rd3 38. b4 Rdxd2 39. Rg1 Rd3 40.
Rgf1 Rb2 41. a5 bxa5 42. bxa5 Rb7 43. a6 Ra7 44. Ra4 Nd7 45. Ra5 Nc5 46. Re1
Rxa6 0-1

[Event "FB21 1920 Chemnitzer SC Aufbau 95 - SV"]
[Site "?"]
[Date "2020.02.02"]
[Round "5.5"]
[White "Kindt, Ulrike"]
[Black "Brewig, Becky"]
[Result "1/2-1/2"]
[WhiteElo "1770"]
[BlackElo "1412"]
[PlyCount "55"]
[EventDate "2020.??.??"]

1. d4 d6 2. Nf3 Nd7 3. e3 c5 4. c3 Ngf6 5. Be2 a6 6. O-O b5 7. Nbd2 Bb7 8. c4
b4 9. b3 g6 10. Bb2 Bg7 11. Qc2 O-O 12. d5 Re8 13. Rfe1 Nf8 14. h3 e6 15. e4
Nh5 16. Bxg7 Kxg7 17. Nf1 e5 18. N3h2 Nf4 19. Ng3 h5 20. Bf1 Bc8 21. Ne2 g5 22.
Nxf4 gxf4 23. Qe2 Qg5 24. Nf3 Qf6 25. Kh2 h4 26. Red1 Nh7 27. Rd3 Rg8 28. Ne1
1/2-1/2

[Event "FB21 1920 SG Leipzig - SC Leipzig-Linde"]
[Site "?"]
[Date "2020.02.02"]
[Round "5.6"]
[White "Oswald, Lena"]
[Black "Neumeyer, Hannelore"]
[Result "0-1"]
[WhiteElo "1784"]
[BlackElo "1864"]
[PlyCount "45"]
[EventDate "2020.??.??"]

1. e4 c6 2. d4 d5 3. Nc3 dxe4 4. Nxe4 Nf6 5. Ng3 e5 6. Nf3 Bg4 7. dxe5 Qxd1+ 8.
Kxd1 Nfd7 9. Bf4 Be7 10. h3 Bxf3+ 11. gxf3 g5 12. Bd2 Nxe5 13. Bc3 Nbd7 14. Nf5
Bf8 15. h4 O-O-O 16. hxg5 Rg8 17. f4 Nb6+ 18. Bd2 Ng6 19. Bd3 Nd5 20. Rxh7
Ndxf4 21. Rxf7 Nxd3 22. cxd3 Ne5 23. f4 0-1

[Event "FB21 1920 SG Leipzig - SC Leipzig-Linde"]
[Site "?"]
[Date "2020.02.02"]
[Round "5.5"]
[White "Spangenberg, Pia"]
[Black "Just, Gabriele"]
[Result "1-0"]
[WhiteElo "1784"]
[BlackElo "1847"]
[PlyCount "89"]
[EventDate "2020.??.??"]

1. e4 e6 2. d4 d5 3. Nc3 Bb4 4. exd5 exd5 5. Bd3 Nc6 6. Nge2 Nge7 7. O-O Bg4 8.
Bf4 Bxc3 9. bxc3 Qd7 10. f3 Bh5 11. Re1 f6 12. c4 O-O-O 13. c5 g5 14. Bd2 Bg6
15. a4 Bxd3 16. cxd3 Rde8 17. Qb3 Nd8 18. Nc3 c6 19. a5 Nf5 20. Qb4 Rxe1+ 21.
Bxe1 a6 22. Na4 Qe7 23. g4 Qe3+ 24. Bf2 Qxf3 25. gxf5 Kd7 26. Re1 b5 27. cxb6
Kc8 28. b7+ Nxb7 29. Nb6+ Kb8 30. Bg3+ Ka7 31. Nd7 Qxd3 32. Qb6+ Ka8 33. Bb8
Rxb8 34. Nxb8 Qxf5 35. Qxa6+ Kxb8 36. Re8+ Kc7 37. Qe2 Nxa5 38. Re7+ Kd6 39.
Ra7 Qe4 40. Qxe4 dxe4 41. Rxa5 h5 42. h4 gxh4 43. Kf2 Ke6 44. Rxh5 f5 45. Ke3
1-0

[Event "FB21 1920 SG Leipzig - SC Leipzig-Linde"]
[Site "?"]
[Date "2020.02.02"]
[Round "5.4"]
[White "Gempe, Anet"]
[Black "Spangenberg, Romy"]
[Result "1/2-1/2"]
[WhiteElo "1984"]
[BlackElo "1872"]
[PlyCount "106"]
[EventDate "2020.??.??"]

1. e4 c5 2. Nf3 Nc6 3. d4 cxd4 4. Nxd4 d6 5. Be2 Nf6 6. Nc3 e6 7. Be3 Be7 8.
O-O O-O 9. f3 a6 10. Qe1 Qc7 11. Qf2 b5 12. a3 Bb7 13. Rfd1 Rac8 14. Rd2 Ne5
15. Kh1 Nc4 16. Bxc4 Qxc4 17. Nb3 Ba8 18. Bb6 Qc6 19. Na5 Qe8 20. Rad1 d5 21.
exd5 Nxd5 22. Nxd5 Bxd5 23. Nb3 Qc6 24. Be3 Bf6 25. Nd4 Bxd4 26. Bxd4 Qb7 27.
Qg3 f6 28. Bc3 Kh8 29. Rd4 Rc4 30. Rxc4 Bxc4 31. Qd6 Re8 32. Qd8 Qc8 33. Bxf6
Rxd8 34. Rxd8+ Qxd8 35. Bxd8 Kg8 36. Kg1 Kf7 37. Kf2 e5 38. Ke3 Ke6 39. b3 Bd5
40. Kd3 Kf5 41. Ke3 h5 42. g3 g5 43. Bc7 g4 44. f4 exf4+ 45. Bxf4 Be4 46. c4
bxc4 47. bxc4 Bf3 48. Bb8 Ke6 49. Kf4 Bc6 50. Ke3 Kd7 51. Kd4 Kc8 52. Kc5 Bf3
53. Bf4 Kb7 1/2-1/2

[Event "FB21 1920 SG Leipzig - SC Leipzig-Linde"]
[Site "?"]
[Date "2020.02.02"]
[Round "5.3"]
[White "Weimert, Miriam"]
[Black "Beltz, Martina"]
[Result "1-0"]
[WhiteElo "1846"]
[BlackElo "1948"]
[PlyCount "73"]
[EventDate "2020.??.??"]

1. e4 c5 2. Nc3 d6 3. Bc4 Nf6 4. f4 Nc6 5. d3 e6 6. Nf3 a6 7. a3 b5 8. Bb3 Bb7
9. O-O Be7 10. Qe1 O-O 11. Kh1 Na5 12. Ba2 Rc8 13. Bd2 Nc6 14. Ne2 Qc7 15. Ng3
Nd4 16. Nxd4 cxd4 17. Rc1 Nd7 18. Ba5 Qb8 19. Qf2 d5 20. exd5 exd5 21. Nf5 Bc5
22. Bb4 Rfe8 23. Bxc5 Nxc5 24. Qxd4 Ne6 25. Qb4 Rc5 26. d4 Rc7 27. Nd6 Rd8 28.
Nxb7 Rxb7 29. Qd2 f5 30. Rce1 Nc7 31. Re5 g6 32. Rfe1 b4 33. axb4 Rxb4 34. Qc3
Qb6 35. Re7 Rc8 36. Bxd5+ Kf8 37. Rf7+ 1-0

[Event "FB21 1920 SG Leipzig - SC Leipzig-Linde"]
[Site "?"]
[Date "2020.02.02"]
[Round "5.2"]
[White "Beltz, Franziska"]
[Black "Lowke, Kathrin"]
[Result "1/2-1/2"]
[WhiteElo "2078"]
[BlackElo "1837"]
[PlyCount "66"]
[EventDate "2020.??.??"]

1. e4 c5 2. Nf3 Nc6 3. d4 cxd4 4. Nxd4 g6 5. Nc3 Bg7 6. Be3 Nf6 7. Bc4 O-O 8.
Bb3 d6 9. h3 Qa5 10. O-O Bd7 11. Re1 Rac8 12. Nf3 Rfd8 13. Bg5 Ne5 14. Nd5 Nxd5
15. exd5 Re8 16. c3 Bb5 17. Nxe5 dxe5 18. Qg4 Rc7 19. Qh4 Qa6 20. Re4 Qd6 21.
Rae1 Bd3 22. R4e3 Qa6 23. Rd1 Bc4 24. f4 Bxb3 25. axb3 Qb6 26. fxe5 Bxe5 27.
Kh1 f6 28. Qg4 Qxb3 29. Qe6+ Kg7 30. Rf1 Qb6 31. Rxe5 Qxe6 32. Rxe6 fxg5 33.
Rfe1 Kf7 1/2-1/2

[Event "FB21 1920 SG Leipzig - SC Leipzig-Linde"]
[Site "?"]
[Date "2020.02.02"]
[Round "5.1"]
[White "Lorenz, Nicole"]
[Black "Halas, Julia"]
[Result "0-1"]
[WhiteElo "1917"]
[BlackElo "2010"]
[PlyCount "106"]
[EventDate "2020.??.??"]

1. e4 e6 2. d4 d5 3. Nc3 Nf6 4. Bg5 Be7 5. e5 Nfd7 6. h4 Nc6 7. Nf3 f6 8. exf6
Nxf6 9. Bd3 Nb4 10. Bb5+ c6 11. Ba4 O-O 12. Ne2 a5 13. c3 b5 14. Bc2 Nxc2+ 15.
Qxc2 c5 16. h5 Ne4 17. Bxe7 Qxe7 18. Ng3 Nxg3 19. fxg3 b4 20. O-O Ba6 21. Rfe1
Rae8 22. Re5 cxd4 23. cxd4 Rc8 24. Qd2 Rc6 25. Rae1 Qf6 26. Qe3 Bc8 27. Ng5 Rc4
28. Qd3 Qf2+ 29. Kh2 Qc2 30. Qxc2 Rxc2 31. Nxe6 Bxe6 32. Rxe6 Rxb2 33. R1e2
Rxe2 34. Rxe2 Kf7 35. Rc2 a4 36. Rc7+ Kg8 37. Rb7 Rf2 38. Rxb4 Rxa2 39. Rb8+
Kf7 40. Rb7+ Kf6 41. h6 gxh6 42. Rxh7 Rd2 43. Rxh6+ Kg5 44. Ra6 Rxd4 45. Ra5
Kg4 46. Ra8 Rc4 47. Rd8 d4 48. Rg8+ Kf5 49. g4+ Kf6 50. g5+ Kf7 51. Ra8 d3 52.
Rd8 Rc3 53. Kg1 a3 0-1

[Event "FB21 1920 SV Merseburg - SV Grün-Weiß N"]
[Site "?"]
[Date "2020.02.15"]
[Round "6.1"]
[White "Arnhold, Steffi"]
[Black "Hartung, Katja"]
[Result "1-0"]
[WhiteElo "2019"]
[BlackElo "1920"]
[PlyCount "147"]
[EventDate "2020.??.??"]

1. e4 e5 2. Nf3 Nc6 3. Bc4 Bc5 4. c3 Nf6 5. d3 d6 6. Nbd2 a6 7. a4 Ba7 8. O-O
Bg4 9. h3 Bh5 10. Re1 h6 11. Nf1 g5 12. Ng3 Bg6 13. Nxg5 Qd7 14. Nf3 O-O-O 15.
Nh4 Rdg8 16. Qf3 Ne8 17. b4 Nd8 18. Be3 Bxe3 19. Qxe3 Kb8 20. a5 Ne6 21. Reb1
c6 22. Bxe6 fxe6 23. c4 Nc7 24. Qb6 Na8 25. Qe3 Nc7 26. Rb2 Be8 27. Rd1 Qe7 28.
Nf3 Qg7 29. d4 Bh5 30. dxe5 Bxf3 31. Qxf3 Qxe5 32. Rbd2 h5 33. Rxd6 Rf8 34. Qe2
h4 35. Nf1 Nd5 36. cxd5 Qxd6 37. e5 Qxb4 38. dxc6 Qxa5 39. cxb7 Rf7 40. Rd6 Qb5
41. Qa2 Rg8 42. Qxe6 Rfg7 43. Ne3 Re8 44. Qf6 Rxb7 45. Rxa6 Qxe5 46. Qxe5+ Rxe5
47. Rh6 Rg7 48. Rxh4 Kc8 49. Rd4 Rd7 50. Rxd7 Kxd7 51. g4 Ke6 52. Kg2 Kf6 53.
Kg3 Rc5 54. h4 Rb5 55. f3 Rb3 56. Kf4 Rb4+ 57. Kg3 Rb3 58. Nd5+ Ke5 59. Ne7 Rb1
60. Ng6+ Kf6 61. h5 Rb3 62. Nh4 Kg5 63. Nf5 Rd3 64. h6 Ra3 65. Kf2 Kf4 66. h7
Ra2+ 67. Kg1 Ra1+ 68. Kg2 Ra2+ 69. Kh3 Ra1 70. Ng3 Ra8 71. Nh5+ Kxf3 72. Nf6
Ra1 73. Kh4 Kf4 74. Nh5+ 1-0

[Event "FB21 1920 SV Merseburg - SV Grün-Weiß N"]
[Site "?"]
[Date "2020.02.15"]
[Round "6.2"]
[White "Pflug, Tanja"]
[Black "Arnhold, Kerstin"]
[Result "0-1"]
[WhiteElo "2035"]
[BlackElo "1964"]
[PlyCount "96"]
[EventDate "2020.??.??"]

1. d4 Nf6 2. Bf4 e6 3. e3 b6 4. Nf3 Bb7 5. Nbd2 Be7 6. Bd3 c5 7. c3 Nc6 8. h3
O-O 9. O-O d6 10. Qe2 Re8 11. dxc5 bxc5 12. Rad1 Qc8 13. e4 d5 14. Rfe1 a5 15.
e5 Nd7 16. Nf1 a4 17. Ng3 c4 18. Bb1 a3 19. Qc2 Nf8 20. b3 cxb3 21. Qxb3 Qc7
22. Ne2 Na5 23. Qc2 Rec8 24. Nfd4 Ba6 25. Qc1 Rab8 26. Bg3 Rb2 27. f4 Bc4 28.
f5 Bxa2 29. Bxa2 Rxa2 30. f6 Bc5 31. Qg5 Ng6 32. Kh1 Bf8 33. h4 h6 34. Qe3 Nc4
35. Qf2 Ngxe5 36. Qf4 gxf6 37. Qxf6 Bg7 38. Qf4 Qb7 39. h5 Rb2 40. Nc1 a2 41.
Ncb3 Rxb3 42. Nxb3 Qxb3 43. Qc1 Ng4 44. Rd3 Nb2 45. Rf3 Rxc3 46. Qf4 Rxf3 47.
gxf3 Nd3 48. Qxg4 Nxe1 0-1

[Event "FB21 1920 SV Merseburg - SV Grün-Weiß N"]
[Site "?"]
[Date "2020.02.15"]
[Round "6.3"]
[White "Nobis, Martina"]
[Black "Moritz, Cornelia"]
[Result "0-1"]
[WhiteElo "1877"]
[BlackElo "1802"]
[PlyCount "82"]
[EventDate "2020.??.??"]

1. e4 c5 2. Nf3 Nc6 3. d4 cxd4 4. Nxd4 d6 5. c4 Nf6 6. Nc3 e5 7. Nc2 Be7 8. Be2
O-O 9. O-O h6 10. Qd3 Be6 11. Qg3 Kh7 12. f4 Qb6+ 13. Kh1 exf4 14. Bxf4 Qxb2
15. Rab1 Qxc2 16. Rfc1 Nxe4 17. Bd3 Bh4 18. Qe3 Qf2 19. Qxe4+ f5 20. Qxe6 Qxf4
21. Rf1 Qg5 22. Rxb7 Nd8 23. Rxf5 Nxe6 24. Rxg5+ Kh8 25. Rg4 Bf6 26. Ne4 Be5
27. Rb1 Rab8 28. Rd1 Nf4 29. g3 Nxd3 30. Rxd3 Rb2 31. Kg1 Rxa2 32. Nxd6 Rff2
33. h3 Rg2+ 34. Kf1 Rgc2 35. Nf7+ Kh7 36. Re4 Rf2+ 37. Ke1 Bxg3 38. Ng5+ hxg5
39. Rxg3 Rh2 40. Kf1 Rh1+ 41. Rg1 Ra1+ 0-1

[Event "FB21 1920 SV Merseburg - SV Grün-Weiß N"]
[Site "?"]
[Date "2020.02.15"]
[Round "6.6"]
[White "Kuemmel, Tina"]
[Black "Schoenfeld, Anke"]
[Result "1-0"]
[WhiteElo "1474"]
[BlackElo "1570"]
[PlyCount "107"]
[EventDate "2020.??.??"]

1. Nf3 Nc6 2. d4 d5 3. g3 e6 4. Bg2 Bd6 5. O-O h6 6. c4 dxc4 7. Qa4 Nge7 8. e4
O-O 9. a3 Ng6 10. Nc3 a6 11. Qxc4 e5 12. d5 Nce7 13. Bd2 c6 14. Rac1 cxd5 15.
Nxd5 Bd7 16. Qb3 Nxd5 17. exd5 b5 18. Rfd1 Bg4 19. h3 Bf5 20. Bb4 Bxb4 21. Qxb4
Rc8 22. Nd2 Rxc1 23. Rxc1 Qb8 24. Rc6 Bc8 25. Nb3 Bb7 26. Rb6 Qa8 27. Nc5 Bxd5
28. Rxa6 Qd8 29. Qxb5 Bxg2 30. Kxg2 Qd5+ 31. Kg1 e4 32. Ra4 Qd1+ 33. Qf1 Qc2
34. Qc4 Qd1+ 35. Qf1 Qc2 36. Qc4 Qb1+ 37. Kg2 Qxb2 38. Qxe4 Qb5 39. Nd3 f5 40.
Qc4+ Qxc4 41. Rxc4 Rd8 42. Nf4 Ne7 43. Rc7 Kf7 44. Ra7 Kf6 45. Nh5+ Kf7 46.
Nxg7 Kxg7 47. Rxe7+ Kg6 48. Ra7 Rd3 49. a4 h5 50. a5 Ra3 51. a6 h4 52. gxh4 Kh5
53. Ra8 Kxh4 54. a7 1-0

[Event "FB21 1920 SG 1871 Löberitz - Chemnitzer"]
[Site "?"]
[Date "2020.02.15"]
[Round "6.1"]
[White "Czaeczine, Anne"]
[Black "Reizniece-Ozola, Dana"]
[Result "1/2-1/2"]
[WhiteElo "2209"]
[BlackElo "2314"]
[PlyCount "169"]
[EventDate "2020.??.??"]

1. e4 d6 2. d4 g6 3. Nf3 Bg7 4. Be2 c5 5. dxc5 Qa5+ 6. c3 Qxc5 7. Be3 Qc7 8.
O-O Nf6 9. Na3 a6 10. Nc4 Nbd7 11. e5 dxe5 12. Nfxe5 b5 13. Nxd7 Nxd7 14. Bf3
Rb8 15. Nd2 O-O 16. g3 Ne5 17. Be4 f5 18. Bg2 Ng4 19. Qb3+ Kh8 20. Rae1 e5 21.
Nf3 Bb7 22. Bc1 Rbe8 23. Ng5 Bxg2 24. Kxg2 h6 25. h3 Nf6 26. Nf3 Qb7 27. Qd1
Ne4 28. Qe2 Rd8 29. Kh2 Rd7 30. Rd1 Rfd8 31. Rxd7 Qxd7 32. a4 Qd5 33. axb5 axb5
34. Be3 g5 35. Re1 Re8 36. Nxg5 Nf6 37. Nf3 f4 38. Bc1 e4 39. Nh4 fxg3+ 40.
fxg3 Rd8 41. Ng6+ Kh7 42. Nf4 Qc6 43. Nh5 Nxh5 44. Qxh5 Rf8 45. Qe2 Re8 46. Be3
Rd8 47. Rf1 Qd5 48. Re1 Rd6 49. Bf4 Re6 50. Rd1 Qc6 51. Qe3 b4 52. cxb4 Bxb2
53. Qa7+ Bg7 54. Rd2 Qc3 55. Qa2 e3 56. Re2 Qd3 57. b5 Qxb5 58. Qc2+ Kg8 59.
Rxe3 Rxe3 60. Bxe3 Qd5 61. h4 h5 62. Bg5 Qf3 63. Bf4 Kf7 64. Qf5+ Kg8 65. Qe6+
Kh7 66. Qa2 Kg6 67. Qc2+ Kf7 68. Qd2 Kg6 69. Bd6 Kf7 70. Qa2+ Kg6 71. Qe6+ Kh7
72. Bc5 Qd1 73. Qf5+ Kg8 74. Bf2 Qe2 75. Kg1 Qd1+ 76. Kg2 Qe2 77. Qd5+ Kh7 78.
Kg1 Qg4 79. Qd3+ Kg8 80. Bc5 Kf7 81. Kf2 Kg8 82. Qd5+ Kh7 83. Qf7 Qg6 84. Qc4
Be5 85. Qb3 1/2-1/2